La littérature des Lumières (notice n° 1926061)
[ vue normale ]
| 000 -LEADER | |
|---|---|
| fixed length control field | 01710cam a2200145 4500500 |
| 005 - DATE AND TIME OF LATEST TRANSACTION | |
| control field | 20260329023301.0 |
| 041 ## - LANGUAGE CODE | |
| Language code of text/sound track or separate title | fre |
| 042 ## - AUTHENTICATION CODE | |
| Authentication code | dc |
| 100 10 - MAIN ENTRY--PERSONAL NAME | |
| Personal name | Goulemot, Jean Marie |
| Relator term | author |
| 245 00 - TITLE STATEMENT | |
| Title | La littérature des Lumières |
| 260 ## - PUBLICATION, DISTRIBUTION, ETC. | |
| Name of publisher, distributor, etc. | Armand Colin,<br/> |
| Date of publication, distribution, etc. | 2005.<br/> |
| 520 ## - SUMMARY, ETC. | |
| Summary, etc. | L’ambition de ce livre est de rappeler que la « Philosophie des Lumières » est aussi et d’abord de la littérature. La pédagogie qu’elle met en œuvre tient à un usage de formes littéraires héritées du passé, réutilisées et animées d’une nouvelle vie ou inventées pour satisfaire de nouvelles finalités. Il ne faudrait pas oublier pour autant que cette adaptation-résurrection ou même institution des formes tient au projet critique de la philosophie, à sa volonté réformatrice, à un imaginaire que le philosophe se fait de lui-même, de sa fonction, de son public, souvent simple interlocuteur textuel, qu’il commence, lui, à appeler opinion.Cet ouvrage se présente donc comme un bilan des pratiques littéraires et des nouveaux modes d’intervention de la philosophie. Ses analyses, toujours illustrées par des textes du XVIIIe siècle, ont recours à l’histoire du livre et de la lecture, à celle des imaginaires littéraires, à l’examen attentif des procédures d’énonciation et des formes. Tout est ici mis en œuvre pour proposer un regard neuf sur le XVIIIe siècle, une réflexion sur son historicité et une inscription moins traditionnelle de sa modernité dans l’histoire de la pensée et de la culture. |
| 700 10 - ADDED ENTRY--PERSONAL NAME | |
| Personal name | Goulemot, Jean-Marie |
| Relator term | author |
| 856 41 - ELECTRONIC LOCATION AND ACCESS | |
| Uniform Resource Identifier | <a href="https://shs.cairn.info/la-litterature-des-lumieres--9782200342784?lang=fr&redirect-ssocas=7080">https://shs.cairn.info/la-litterature-des-lumieres--9782200342784?lang=fr&redirect-ssocas=7080</a> |
Pas d'exemplaire disponible.




Réseaux sociaux